| 000 | 00398nam a2200169Ia 4500 | ||
|---|---|---|---|
| 008 | 230524s9999 xx 000 0 und d | ||
| 020 | _a9780198086116 | ||
| 082 |
_a621.8 _bSHA |
||
| 100 | _aMilton C. Shaw | ||
| 245 | 0 | _aMetal Cutting Principles | |
| 250 | _a2 | ||
| 260 |
_aNew Delhi _bOxford _c2012 |
||
| 300 | _a651p; | ||
| 500 | _aQuantity Number: 8 | ||
| 650 | _aMechanics | ||
| 942 | _cBK | ||
| 999 |
_c53539 _d53539 |
||